Discraft Discs - 2024 - Statistics

General Stats
  • This quiz has been taken 9 times
  • The average score is 55 of 74
Answer Stats
Speed Disc % Correct
10 Anax
100%
7 Athena
100%
5 Buzzz
100%
5 Buzzz OS
100%
5 Buzzz SS
100%
2 Challenger
100%
2 Challenger OS
100%
2 Challenger SS
100%
3 Fierce
100%
2 Focus
100%
12 Force
100%
3 Luna
100%
13 Nuke
100%
13 Nuke OS
100%
13 Nuke SS
100%
4 Ringer
100%
9 Undertaker
100%
12 Zeus
100%
4 Zone
100%
4 Zone OS
100%
11 Avenger
86%
10 Avenger SS
86%
2 Banger GT
86%
7 Cicada
86%
11 Drive
86%
5 Drone
86%
12 Hades
86%
3 Kratos
86%
5 Malta
86%
9 Raptor
86%
4 Ringer GT
86%
2 Roach
86%
11 Scorch
86%
7 Stalker
86%
5 Swarm
86%
10 Vulture
86%
5 Wasp
86%
2 Magnet
71%
5 Meteor
71%
8 Passion
71%
9 Predator
71%
2 Putt'r
71%
2 Rattler
71%
4 Sol
71%
11 Surge
71%
11 Surge SS
71%
12 Thrasher
71%
13 Venom
71%
6 Zombee
71%
4 Zone GT
71%
2 APX
57%
5 Archer
57%
5 Buzzz GT
57%
4 Comet
57%
13 Crank
57%
13 Crank SS
57%
7 Cyclone
57%
12 Flick
57%
4 Hawk
57%
9 Heat
57%
11 Machete
57%
8 Mantis
57%
5 Stratus
57%
7 XL
57%
12 Punisher
43%
7 Sting
43%
8 XS
43%
6 Xtreme
43%
6 Glide
29%
5 Hornet
29%
6 Impact
29%
11 Pulse
29%
8 Xpress
29%
11 Crush
14%
No matching quizzes found
Score Distribution
Percent of People with Each Score
Percentile by Number Answered
Your Score History
You have not taken this quiz